Steps to academic reading 3 : Across the board
Immerse your students in refreshing and lively topics while increasing their vocabulary base and preparing them for academic assignments. This series for beginning to high-intermediate learners offers robust comprehension activities that encourage students to access and interact with text and to dev...
保存先:
| 第一著者: | |
|---|---|
| フォーマット: | 図書 |
| 言語: | Undetermined |
| 出版事項: |
Boston, MA.
Thomson/Heinle
2002
|
| 主題: | |
| タグ: |
タグ追加
タグなし, このレコードへの初めてのタグを付けませんか!
|
| Thư viện lưu trữ: | Trung tâm Học liệu Trường Đại học Cần Thơ |
|---|
| LEADER | 00945nam a2200217Ia 4500 | ||
|---|---|---|---|
| 001 | CTU_124062 | ||
| 008 | 210402s9999 xx 000 0 und d | ||
| 020 | |c 144000 | ||
| 082 | |a 428.4071 | ||
| 082 | |b Z94 | ||
| 100 | |a Zukowski, Jean | ||
| 245 | 0 | |a Steps to academic reading 3 : | |
| 245 | 0 | |b Across the board | |
| 245 | 0 | |c Jean Zukowski [and] Faust | |
| 260 | |a Boston, MA. | ||
| 260 | |b Thomson/Heinle | ||
| 260 | |c 2002 | ||
| 520 | |a Immerse your students in refreshing and lively topics while increasing their vocabulary base and preparing them for academic assignments. This series for beginning to high-intermediate learners offers robust comprehension activities that encourage students to access and interact with text and to develop reading and critical thinking skills. | ||
| 650 | |a Reading ( Higher education ),Reading comprehension,Study skills | ||
| 904 | |i Minh | ||
| 980 | |a Trung tâm Học liệu Trường Đại học Cần Thơ | ||